00490nam a2200097Ia 4500008004100000100002700041245016100068260006400229650001500293856008400308160712s9999 xx 000 0 und d aLumbera, Beinvenido L. cBienvenido LumberaaThe Impulse Toward Modernity and The Waste Land in Tagalog Translation: Receptivity and Resistance in the Reworlding of a Modern Classic c2015bJournal of English Studies and Comparative Literature xLITERATURE uhttp://journals.upd.edu.ph/index.php/jescl/issue/view/Special%20Edition/showToc